Statistics for The Americas Geography by Letter B

Click here to take the quiz!

General Stats

  • This quiz has been taken 850 times
  • The average score is 11 of 20

Answer Stats

HintAnswer% Correct
World's largest Portuguese speaking countryBrazil
95%
The largest city in ArgentinaBuenos Aires
94%
The Capital of ColombiaBogotá
92%
An island country consisting of more than 700 islands, cays, and isletsBahamas
87%
A loosely defined region in the Atlantic Ocean, where a number of aircraft and ships are said to have disappeared under mysterious circumstances.Bermuda Triangle
85%
The stat Capital of IdahoBoise
75%
Borough of New York City that is home to Coney Island, Dumbo, and WilliamsburgBrooklyn
74%
The largest city in Alabama, founded in the post-Civil War Reconstruction periodBirmingham
65%
The capital of BelizeBelmopan
63%
Major city in Western New York StateBuffalo
62%
Canada's oldest national parkBanff National Park
58%
The largest island in Canada, located in NunavutBaffin Island
40%
A national park in southwestern South DakotaBadlands National Park
34%
A state in Mexico that contains Mexicali and TijuanaBaja California
34%
The capital of the Brazilian state of Minas GeraisBelo Horizonte
31%
The "B" of the ABC IslandsBonaire
27%
A river in Texas that the Spanish originally named "The River of the Arms of God"Brazos River
22%
City in Maine known as being the gateway to Acadia National ParkBar Harbor
10%
City in North West Minnesota deemed "the first city on the Mississippi."Bemidji
6%
A Pennsylvania Dutch village made famous by the play, Plain & FancyBird-in-Hand
3%

Score Distribution

Percentile by Number Answered

Percent of People with Each Score

Your Score History

You have not taken this quiz